Numerická simulácia obtekania valca tekutinou

Gespeichert in:
Bibliographische Detailangaben
1. Verfasser: Kosznovszki, Michal, 1990- (Verfasst von)
Weitere Verfasser: Repka, Miroslav, 1985- (Betreuung Doktorarbeit)
Format: Manuskript Buch
Sprache:Slowakisch
Veröffentlicht: Bratislava : STU v Bratislave SjF, 2012
Schlagworte:
Online-Zugang:VAIS
Tags: Tag hinzufügen
Keine Tags, Fügen Sie das erste Tag hinzu!

MARC

LEADER 00000ntm a22000003a 4500
001 stu264261
005 20150617230222.7
008 130313s2012----xo------------------slo-d
040 |a STU  |b slo 
041 0 |a slo 
044 |a xo 
100 1 |a Kosznovszki, Michal,  |d 1990-  |4 aut  |u J  |T SjF Strojnícka fakulta  |X 68374  |U J  |Y 20  |7 A000068374 
242 0 0 |a Numerical simulation of fluid cylinder wrapping  |y eng 
245 1 |a Numerická simulácia obtekania valca tekutinou 
260 |a Bratislava :  |b STU v Bratislave SjF,  |c 2012 
650 7 |a aplikovaná mechanika a mechatronika  |2 stusub 
650 7 |a Applied Mechanics and Mechatronics  |2 estusub 
650 7 |a fluid  |2 estusub 
650 7 |a flow  |2 estusub 
650 7 |a pressure  |2 estusub 
650 7 |a tlak  |2 stusub 
700 1 |a Repka, Miroslav,  |d 1985-  |4 ths  |u J0010  |U SjF Strojnícka fakulta  |T SjF Ústav aplikovanej mechaniky a mechatroniky  |X 40828  |U J0010  |Y 801  |7 A000040828 
856 4 |a info a plný text  |u http://is.stuba.sk/zp/portal_zp.pl?podrobnosti=73876  |3 VAIS